THE IMPACT OF OPERATING LEVERAGE ON ASSET PRICING (Record no. 527847)

000 -LEADER
fixed length control field 00467nam a22001577a 4500
082 ## - DEWEY DECIMAL CLASSIFICATION NUMBER
Classification number 651.7
100 ## - MAIN ENTRY--PERSONAL NAME
Personal name Mehmood, Zainab
245 ## - TITLE STATEMENT
Title THE IMPACT OF OPERATING LEVERAGE ON ASSET PRICING
Statement of responsibility, etc. Zainab Mehmood.
260 ## - PUBLICATION, DISTRIBUTION, ETC.
Place of publication, distribution, etc. Islamabad:
Name of publisher, distributor, etc. NBS - NUST,
Date of publication, distribution, etc. 2014.
300 ## - PHYSICAL DESCRIPTION
Extent 34 p.: ill.;
Dimensions 30cm.
650 ## - SUBJECT ADDED ENTRY--TOPICAL TERM
Topical term or geographic name entry element M Phil Thesis.
700 ## - ADDED ENTRY--PERSONAL NAME
Personal name Dr. Salim Batla.
942 ## - ADDED ENTRY ELEMENTS (KOHA)
Source of classification or shelving scheme
Koha item type Thesis
650 ## - SUBJECT ADDED ENTRY--TOPICAL TERM
-- 19286
700 ## - ADDED ENTRY--PERSONAL NAME
-- 17547
Holdings
Withdrawn status Lost status Source of classification or shelving scheme Damaged status Not for loan Permanent Location Current Location Shelving location Date acquired Full call number Barcode Date last seen Price effective from Non-public note Koha item type
          Central Library (CL) Central Library (CL) Thesis 08/19/2019 651.7 CL-T-2715 08/19/2019 08/19/2019 Minute Sheet No. 0929/02/CL/Survey/5 dated 23rd April 2024 E-MIN ID 114741 Thesis
          Central Library (CL) Central Library (CL) Thesis 10/22/2019 651.7 CL-T-3805 10/22/2019 10/22/2019 Minute Sheet No. 0929/02/CL/Survey/5 dated 23rd April 2024 E-MIN ID 114741 Thesis
          Central Library (CL) Central Library (CL) Thesis 10/22/2019 651.7 Cl-T-3815 10/22/2019 10/22/2019 Minute Sheet No. 0929/02/CL/Survey/5 dated 23rd April 2024 E-MIN ID 114741 Thesis
© 2023 Central Library, National University of Sciences and Technology. All Rights Reserved.